Nové ekonomické struktúry v zemědělských podnicích

Bibliographic Details
Main Author: Duchečková, Věra (Author)
Format: Article
Language:Slovak
Czech
Subjects:

MARC

LEADER 00000nab a2200000 a 4500
001 vtls000030201
003 SK-MaSNL
005 20260304071314.0
008 250422c1979 xo 0 slo
015 |a SNBRB19rr/mm-uuuuu 
035 |a CL0040295 
035 |a urn:nbn:sk:snk-ab2lo8 
035 |a (urnnbn)urn:nbn:sk:snk:ar-a02mat 
035 |a (uuid)c2f0b9cd-6a62-4a17-b83f-193d174de50f 
040 |a SNKBUCL  |b slo  |c SNKBUCL  |e AACR2 
041 0 |a cze 
044 |a xo  |c SK 
080 |a 631.1  |2 1981 
100 1 |a Duchečková, Věra  |4 aut  |9 1357814 
245 1 0 |a Nové ekonomické struktúry v zemědělských podnicích  |c Věra Duchečková 
500 |a /Začiatok./ 
650 0 7 |a poľnohospodárske podniky  |2 snkbucl  |9 4194 
650 0 7 |a ekonomika poľnohospodárstva  |2 snkbucl  |9 3609 
655 7 |a články z novín a časopisov  |2 snkbucl  |9 267496 
773 0 |t Ekonomika poľnohospodárstva  |g Roč. 18, č. 5 (1979), s. 203-205 
850 |a Slovenská národná knižnica 
852 |a Slovenská národná knižnica 
954 |a odborná, vedecká literatúra cudzojazyčná (svetová)  |2 lita 
958 |a article27 
958 |a RK 
958 |a CZ 
958 |a OND 
958 |a EUIPO 
992 |a RBX 
999 |c 2759845  |d 2761775